000 01056nam a22002297a 4500
005 20100312095056.0
008 100312t xxu||||| |||| 00| 0 hin d
010 _aHIN-89105
020 _c200.00
_a9788189399214
035 _aHN-61451
037 _bDBAD / PUB
040 _aDPL
_bHN
082 _a301.153
100 _aगाँधी, महात्मा
_916590
245 _aविद्यार्थियों से /
_cमहात्मा गाँधी
246 _aVidyarthiyou se
_bby Mahatma Gandhi
260 _aदिल्ली
_bसुभद्रा.के.पब्लिशर्स एंड डिस्ट्री
_c2009
270 _aबी-216 चन्दू नगर, करावल नगर रोड
_bदिल्ली
_e110094
300 _a144पृ
_c22सेमी (सजिल्द)
942 _2ddc
_cHN
_mगाँधीम
999 _c34607
_d34607